00568nam a2200205 a 450000100060000000300090000600800410001502000150005604000280007108200100009910000240010924500290013326000310016230000130019349000180020659000690022465000400029394200120033399900170034513401CO-ViMGA141112s2004 ck r 000 u spa d a9580425825 aCO-ViMGAbspacCO-ViMGA04aKASch1 aKasza, Keiko91957110aChoco encuentra una mama aBogotá : bNorma, c1999 a30 : ils aBuenas noches aForma de adquisición : Proyecto 2005 - - Precio : 12.870 Ej.114aCUENTOS INFANTILES JAPONESES919572 2ddccBK c24136d24136